000 00341 a2200157 4500
001 180969
020 _a
040 _cMagnum
100 _a-
240 1 0 _aA salvacao tem uma historia/6 serie
_lpor
245 1 0 _aA salvacao tem uma historia/6 serie
362 0 _a1899
440 1 _aLoyola
697 _aMAGNITO: RELIGIAO
942 _cBK
999 _c180969
_d180969